000 00667cam a2200229 4500500
005 20260405002321.0
041 _afre
042 _adc
100 1 0 _aLegros, Martin
_eauthor
245 0 0 _aTrump Power. 4 clés pour comprendre
260 _c2016.
500 _a76
690 _aAmérique
690 _aCarl Schmitt
690 _aDavid Ricardo
690 _aDonald Trump
690 _aÉtats-Unis
690 _aMarshall McLuhan
690 _aTrump
786 0 _nPhilosophie magazine | 105 | 12-1 | 2016-12-01 | p. 10-10 | 1951-1787
856 4 1 _uhttps://shs.cairn.info/magazine-philosophie-magazine-2016-12-1-page-10?lang=fr&redirect-ssocas=7080
999 _c2056549
_d2056549